| 000 | 00496nam a2200217Ia 4500 | ||
|---|---|---|---|
| 999 |
_c5714 _d5714 |
||
| 003 | 0100 | ||
| 008 | 130227s9999 xx 000 0 und d | ||
| 020 | _a9728186002 | ||
| 040 | _cARRUPELIB | ||
| 050 | _aDT2942.F396 | ||
| 100 |
_aFerronho, Antonio Luis Alves (ed) _931836 |
||
| 245 | _aMonomotapa | ||
| 260 |
_bEditorial do Ministerio da Educacao _aLisbon _c1994 |
||
| 300 | _a109p | ||
| 300 | _b 24cm | ||
| 650 |
_bMonomotape (Zimbabwe) _xHistory _931837 |
||
| 942 |
_2lcc _cMONOGRAPH |
||